| 000 | 00518ntaaa2200193 4500 | ||
|---|---|---|---|
| 003 | 01 | ||
| 005 | 20251027203118.0 | ||
| 008 | 0714s1973 ag 01 | ||
| 020 | _a0311138446 | ||
| 040 |
_aAR-BaBN _bspa _cAR-BaBN _eaacr _dRIC |
||
| 082 | _a269.2000 Sch9e | ||
| 100 |
_aSchweer, G. William _932649 |
||
| 245 | _aLa evangelizacion personal para hoy | ||
| 250 | _a1 ed. | ||
| 260 |
_aEl Paso,Tx : _bCasa Bautista de Publicaciones, _c1992 |
||
| 300 |
_a264 p ; _c21 cm |
||
| 650 | _aObra de evangelización | ||
| 942 | _cBK | ||
| 999 |
_c26558 _d26558 |
||